| 000 | 00526nam a2200181 u 4500 | ||
|---|---|---|---|
| 003 | AM-YeHGA | ||
| 005 | 20250618074952.0 | ||
| 008 | 030701s1950 ai |||||r|||||000|0|rus|| | ||
| 040 | _aAM-YeHGA | ||
| 041 | 0 | _arus | |
| 100 | 1 |
_aՔոչար, Հրաչյա, _d1910-1965 _91301 |
|
| 245 | 1 | 0 |
_aРассказы / _cР. Кочар. |
| 260 |
_a[Ереван] : _bАрмгиз, _c1950. |
||
| 300 |
_a204 с. ; _c21 см. |
||
| 650 | 1 | 4 |
_aАрмянская литература _xРассказ |
| 942 |
_2udc _cBK |
||
| 090 | _c419924 | ||
| 999 |
_c417548 _d417548 |
||